00381nam a2200121Ia 4500008004100000041000800041082001600049100002200065245003100087260000900118999001700127952011500144240625s9999 xx 000 0 und d aeng a658.827 KEL aKELLER KEVIN LANE aSTRATEGIC BRAND MANAGEMENT c2011 c39280d39280 00104070aIMTNbIMTNcRack 37-Ad2017-11-22e32917o658.827 KELpBB1220r2024-06-25 00:00:00w2024-06-25yBB